=LDR 00000nam 2200000 4500 =001 INLIS000000000021678 =005 20130612120520 =008 ***********************************Ind** =035 ##$$0010-061300000021678 =041 ##$$a Ind =082 ##$$a 634 =090 ##$$a 634, Rah-m =100 ##$$a RAHARDI, F =245 ##$$a Mengurai benang kusut agribisnis buah Indonesia, F. Rahardi =260 ##$$a 2004 $b Jakarta =300 ##$$a viii, 152 hlm., ilus., 22 cm =650 ##$$a Agribisnis - Buah =850 ##$$a NBPNMAT